MARC

LEADER 00000nam0a2200000 4500
001 306947
005 20231102001938.0
035 |a (RuTPU)RU\TPU\book\332225 
090 |a 306947 
100 |a 20151014d1983 km y0rusy50 ca 
101 0 |a rus 
102 |a RU 
105 |a a z 001zy 
200 1 |a Куранты: Альманах  |e историко-краеведческий альманах  |f сост. Е. В. Кончин 
210 |a Москва  |c Московский рабочий  |d 1983 
215 |a 367 с.  |c ил. 
320 |a Библиография в ссылках. 
606 1 |a Краеведение  |2 stltpush  |3 (RuTPU)RU\TPU\subj\16068  |9 42256 
606 1 |a Москва, г.  |x История  |2 stltpush  |3 (RuTPU)RU\TPU\subj\67069  |9 82952 
610 1 |a Кремль 
610 1 |a москвичи 
610 1 |a московедение 
610 1 |a трудовые традиции 
610 1 |a боевые традиции 
610 1 |a революционные традиции 
610 1 |a культурное строительство 
610 1 |a искусство 
675 |a 908  |v 4 
686 |a Т3(235.4-2Мос)  |2 rubbk 
702 1 |a Кончин  |b Е. В.  |4 220 
801 1 |a RU  |b 63413507  |c 20151014 
801 2 |a RU  |b 63413507  |c 20190508  |g RCR 
942 |c BK